| 000 | 00732nam a2200265Ia 4500 | ||
|---|---|---|---|
| 003 | OSt | ||
| 005 | 20220918190909.0 | ||
| 006 | a|||||r|||| 00| 0 | ||
| 007 | ta | ||
| 008 | 220917b |||||||| |||| 00| 0 eng d | ||
| 024 | _a60,274 | ||
| 037 | _cTextual | ||
| 040 |
_aARTS _cARTS _beng |
||
| 041 |
_2eng _aeng |
||
| 082 | _aQ4, L9 | ||
| 100 | _aJohansson Rune E A | ||
| 245 | 0 | _aDynamic psychology of Early Buddhism | |
| 260 |
_aLondon _bCurzon Press UK _c1979 |
||
| 300 |
_a236p. _ccm. |
||
| 490 | _aScandinavian institute of Asian studies monograph series; 37 | ||
| 500 | _aBib 223-26p | ||
| 650 | _aRELIGION; BUDDHISM | ||
| 942 |
_hQ4, L9 _cTEXL _2CC |
||
| 999 |
_c187234 _d187234 |
||